| 000 | 00719nam a22002057a 4500 | ||
|---|---|---|---|
| 999 |
_c16899 _d16899 |
||
| 003 | AR-CdUCM | ||
| 008 | 190506b ||||| |||| 00| 0 spa d | ||
| 040 |
_aMUNICIPALIDAD PROVINCIAL DEL CUSCO _cBIBLIOTECA MUNICIPAL DEL CUSCO |
||
| 082 |
_23ed. _a108 / _bC74 |
||
| 100 |
_aCondillac _936635 |
||
| 245 |
_aLógica : _bY extracto razonado del tratado de las sensaciones / |
||
| 260 |
_aBuenos Aires ; _bAguilar, _c1964. |
||
| 300 |
_a201 páginas ; _c16 cm. |
||
| 505 | _aContenido : Cronología de la vida y de la obra de Condillac -- Lógica -- Objeto de esta obra ... | ||
| 650 |
_aLógica _92358 |
||
| 650 |
_aRazonamiento _920965 |
||
| 650 |
_aTratados _93362 |
||
| 942 |
_2ddc _cLIBROS |
||
| 945 |
_arah _d06/05/2019 |
||